Welcome to Marium Abdulla Library

Embrace knowledge with a breath of fresh air.

Browse Collection

Marium Abdulla Library

How to make abstract paintings (Record no. 7471)

MARC details
000 -LEADER
fixed length control field 00372nam a2200169Ia 4500
001 - CONTROL NUMBER
control field 7040
005 - DATE AND TIME OF LATEST TRANSACTION
control field 20250626030140.0
008 - FIXED-LENGTH DATA ELEMENTS--GENERAL INFORMATION
fixed length control field 211022s9999 xx 000 0 und d
082 ## - DEWEY DECIMAL CLASSIFICATION NUMBER
Classification number 751.4 LAI
100 ## - MAIN ENTRY--PERSONAL NAME
Personal name Laidman, Hugh
245 #0 - TITLE STATEMENT
Title How to make abstract paintings
260 ## - PUBLICATION, DISTRIBUTION, ETC.
Place of publication, distribution, etc. London
260 ## - PUBLICATION, DISTRIBUTION, ETC.
Name of publisher, distributor, etc. Thames and Hudson
260 ## - PUBLICATION, DISTRIBUTION, ETC.
Date of publication, distribution, etc. 1961
300 ## - PHYSICAL DESCRIPTION
Extent 136
942 ## - ADDED ENTRY ELEMENTS (KOHA)
Koha item type Book
Holdings
Date last seen Total checkouts Total renewals Full call number Barcode Date last checked out Price effective from Koha item type Lost status Damaged status Not for loan Collection Withdrawn status Home library Current library Shelving location Date acquired Cost, normal purchase price
04/24/2024 1 1 751.4 LAI 7040 04/09/2024 10/26/2021 Book       Fine Arts   Marium Abdulla Library Marium Abdulla Library Non-Ref 12/18/2007 2500.00